Quick Pick: European Cities in French Quiz Stats

 Plays Quiz Updated Feb 12, 2019

Support Sporcle.
Go Orange.
Score 0/15 Timer 01:30
2 Plays Today
% Correct
Londres
97.1%
Cadix
96.9%
Lisbonne
96.9%
Gênes
96.3%
Flessingue
96.2%
Berthoud
95.9%
Varsovie
95.8%
Lucques
95.7%
% Correct
Cordoue
95.3%
Anvers
94%
Aix-la-Chapelle
88.3%
Corogne
88%
Léopol
85.4%
Courtrai
84.9%
Gand
79.9%

Today's Daily Dose

You're not logged in!

Compare scores with friends on all Sporcle quizzes.
OR
Log In
Forgot?

From the Vault

Zach Galifianakis Movies

by gillay44

Movies 6m
Unfortunately his brother Seth has had a much less successful film career.
Remove Ads.
Support Sporcle.
Get the best of Sporcle when you Go Orange. This ad-free experience offers more features, more stats, and more fun while also helping to support Sporcle. Thank you for becoming a member.

Show Comments

Extras

Top Quizzes Today


Score Distribution

Your Account Isn't Verified!

In order to create a playlist on Sporcle, you need to verify the email address you used during registration. Go to your Sporcle Settings to finish the process.

Report this User

Report this user for behavior that violates our Community Guidelines.

Details: